<?xml version="1.0" encoding="UTF-8"?>
<record
    xmlns:xsi="http://www.w3.org/2001/XMLSchema-instance"
    xsi:schemaLocation="http://www.loc.gov/MARC21/slim http://www.loc.gov/standards/marcxml/schema/MARC21slim.xsd"
    xmlns="http://www.loc.gov/MARC21/slim">

  <leader>01543nam a22003377a 4500</leader>
  <datafield tag="999" ind1=" " ind2=" ">
    <subfield code="c">23434</subfield>
    <subfield code="d">23434</subfield>
  </datafield>
  <controlfield tag="003">AR-CdUCM</controlfield>
  <controlfield tag="008">260108b2024    spa||||| |||| 00| 0 eng d</controlfield>
  <datafield tag="020" ind1=" " ind2=" ">
    <subfield code="a">978-612-03-0369-6</subfield>
  </datafield>
  <datafield tag="040" ind1=" " ind2=" ">
    <subfield code="a">MUNICIPALIDAD PROVINCIAL DEL CUSCO</subfield>
    <subfield code="c">BIBLIOTECA MUNICIPAL DEL CUSCO</subfield>
  </datafield>
  <datafield tag="082" ind1=" " ind2=" ">
    <subfield code="a">398.209 /</subfield>
    <subfield code="b">A77</subfield>
  </datafield>
  <datafield tag="100" ind1=" " ind2=" ">
    <subfield code="a">Arroyo Ch&#xE1;vez, Justo Rom&#xE1;n.</subfield>
  </datafield>
  <datafield tag="245" ind1=" " ind2=" ">
    <subfield code="a">Maras Urubamba Yucay :</subfield>
    <subfield code="b">Tradici&#xF3;n, Naturaleza y Cultura /</subfield>
  </datafield>
  <datafield tag="260" ind1=" " ind2=" ">
    <subfield code="a">Cusco</subfield>
    <subfield code="b">Justo Rom&#xE1;n Arroyo Ch&#xE1;vez</subfield>
  </datafield>
  <datafield tag="300" ind1=" " ind2=" ">
    <subfield code="a">249 P&#xE1;ginas. :</subfield>
    <subfield code="c">15 x 20cm.</subfield>
  </datafield>
  <datafield tag="500" ind1=" " ind2=" ">
    <subfield code="z">P&#xE1;ginas 201 - 205.</subfield>
  </datafield>
  <datafield tag="505" ind1=" " ind2=" ">
    <subfield code="a">I. Maras: Descubriendo -- Manifestaciones Culturales -- Aspecto religioso -- El arte -- Portadas -- Las Salineras -- Investigaci&#xF3;n -- II. Urubamba: Breve rese&#xF1;a hist&#xF3;rica de la Sagrada Cruz del Se&#xF1;or de Torrechayoc -- El Valle del Willcamayu -- Atractivos tur&#xED;sticos -- Convento de los Jesuitas -- Sitio Arqueol&#xF3;gico de Yanaconas -- III. Yucay: Durante la colonia -- Aspecto religioso....</subfield>
  </datafield>
  <datafield tag="650" ind1=" " ind2=" ">
    <subfield code="a">Extensi&#xF3;n</subfield>
    <subfield code="9">51929</subfield>
  </datafield>
  <datafield tag="650" ind1=" " ind2=" ">
    <subfield code="a">Relieve del suelo</subfield>
    <subfield code="9">51930</subfield>
  </datafield>
  <datafield tag="650" ind1=" " ind2=" ">
    <subfield code="a">Maras Intercomunicado con el Qhapaq &#xD1;an</subfield>
    <subfield code="9">51931</subfield>
  </datafield>
  <datafield tag="650" ind1=" " ind2=" ">
    <subfield code="a">La iglesia colonial</subfield>
    <subfield code="9">51932</subfield>
  </datafield>
  <datafield tag="650" ind1=" " ind2=" ">
    <subfield code="a">La fiesta religiosa </subfield>
    <subfield code="9">51933</subfield>
  </datafield>
  <datafield tag="650" ind1=" " ind2=" ">
    <subfield code="a">Templo Parroquial </subfield>
    <subfield code="9">51934</subfield>
  </datafield>
  <datafield tag="650" ind1=" " ind2=" ">
    <subfield code="a">Estudios de las Relaciones</subfield>
    <subfield code="9">51935</subfield>
  </datafield>
  <datafield tag="650" ind1=" " ind2=" ">
    <subfield code="a">Antecedentes Hist&#xF3;ricos</subfield>
    <subfield code="9">51936</subfield>
  </datafield>
  <datafield tag="650" ind1=" " ind2=" ">
    <subfield code="a">Casa del Inca Huayna C&#xE1;pac</subfield>
    <subfield code="9">51937</subfield>
  </datafield>
  <datafield tag="650" ind1=" " ind2=" ">
    <subfield code="a">Andenes de Yucay</subfield>
    <subfield code="9">51938</subfield>
  </datafield>
  <datafield tag="650" ind1=" " ind2=" ">
    <subfield code="a">La Catedral de Santiago de Oropeza</subfield>
    <subfield code="9">51939</subfield>
  </datafield>
  <datafield tag="942" ind1=" " ind2=" ">
    <subfield code="2">ddc</subfield>
    <subfield code="c">LIBROS</subfield>
  </datafield>
  <datafield tag="945" ind1=" " ind2=" ">
    <subfield code="a">jmcs</subfield>
    <subfield code="d">31/12/2025</subfield>
  </datafield>
  <datafield tag="952" ind1=" " ind2=" ">
    <subfield code="0">0</subfield>
    <subfield code="2">ddc</subfield>
    <subfield code="4">0</subfield>
    <subfield code="7">0</subfield>
    <subfield code="a">SH</subfield>
    <subfield code="b">SH</subfield>
    <subfield code="c">CART</subfield>
    <subfield code="d">2026-01-08</subfield>
    <subfield code="e">Donaci&#xF3;n</subfield>
    <subfield code="g">20.00</subfield>
    <subfield code="o">398.209 / A77</subfield>
    <subfield code="p">SH0000017037</subfield>
    <subfield code="r">2026-01-08</subfield>
    <subfield code="y">LIBROS</subfield>
  </datafield>
</record>
